Famous Andys Quiz Stats

 Plays Quiz Updated Sep 23, 2019

Score 0/18 Timer 06:00
0 Plays Today
Clue Andrew / Andy % Correct
Pop artist whose subjects included Marilyn Monroe and Campbell's soup cans.Andy Warhol
90.7%
Either the 7th or the 17th U.S. president that fits this category.Andrew Jackson or Johnson
80.5%
This former '60 Minutes' commentator died at the age of 92 on November 4th, 2011.Andy Rooney
77.5%
English composer of 'Jesus Christ Superstar' and 'The Phantom of the Opera'.Andrew Lloyd Webber
68.1%
This brother of the Bee Gees had hits like 'I Just Want to Be Your Everything' and 'Shadow Dancing'.Andy Gibb
67.8%
This actor played the Sheriff of Mayberry and a lawyer on 'Matlock'.Andy Griffith
65.7%
In 2009, he lost to Roger Federer in the longest final in Wimbledon history.Andy Roddick
64.4%
This Cuban actor has starred in both 'The Godfather III' and 'Ocean's 11'.Andy Garcia
59.7%
This Scottish-American 19th century steel magnate in later life became the first true proponent of philanthropy.Andrew Carnegie
55.5%
Clue Andrew / Andy % Correct
Jim Carrey portrayed this performance artist in the biopic 'Man on the Moon'.Andy Kaufman
51.5%
This 'Moon River' and holiday song crooner had his own TV variety show from 1962–71.Andy Williams
44.6%
Current governor of NY and former Secretary of HUD under Clinton.Andrew Cuomo
41.7%
This Lonely Island singer and SNL star does things 'Like a Boss.'Andy Samberg
39.1%
Controversial comedian who starred in 'The Adventures of Ford Fairlane' and appeared on Entourage's last season.Andrew Dice Clay
38.6%
Conan O'Brien's longtime sidekick.Andy Richter
32.5%
This star of 'The Social Network' also hit theaters as Spider-Man.Andrew Garfield
26.3%
The other member of Wham! or the third member of the Police.Andrew Ridgeley or Andy Summers
21.8%
Artist son of N.C. and creator of the 'Helga' paintings.Andrew Wyeth
16.8%

You're not logged in!

Compare scores with friends on all Sporcle quizzes.
OR
Log In

Sporcle TV

Today on Sporcle TV


Watch our educational content, quiz creation guides, and fun videos on Sporcle TV.

Show Comments

Extras

Top Quizzes Today


Score Distribution

Your Account Isn't Verified!

In order to create a playlist on Sporcle, you need to verify the email address you used during registration. Go to your Sporcle Settings to finish the process.

Report this User

Report this user for behavior that violates our Community Guidelines.

Details: